Asbestos and professional indemnity insurance (Record no. 73351)

MARC details
000 -LEADER
fixed length control field 01176cam a2200241 4500
001 - CONTROL NUMBER
control field X123493
008 - FIXED-LENGTH DATA ELEMENTS--GENERAL INFORMATION
fixed length control field 030904n2003 000 0 eng u
035 ## - SYSTEM CONTROL NUMBER
System control number (Sirsi) u123493
245 ## - TITLE STATEMENT
Title Asbestos and professional indemnity insurance
260 ## - PUBLICATION, DISTRIBUTION, ETC.
Date of publication, distribution, etc. 2003
490 ## - SERIES STATEMENT
Series statement RICS News Service
Volume/sequential designation 3 September 2003 (1)
520 ## - SUMMARY, ETC.
Summary, etc. The new HSE "Control of asbestos at work regulations" 2002 also puts the spotlight on Professional Indemnity Insurance (PII) for asbestos claims. RICS has issued a new minimum policy wording, effective from July 2003. Included is an exclusion for asbestos and RICS has also negotiated a 'buy-back' facility for members, of cover for £250 000 in the aggregate. http://www.rics.org/ricscms/bin/show?class=Feature&template=/includes/showfeature.html&id=749. RICS asbestos web site, http://www.rics.org/asbestos.
590 ## - LOCAL NOTE (RLIN)
Local note WB
650 ## - SUBJECT ADDED ENTRY--TOPICAL TERM
Topical term or geographic name entry element MANAGEMENT-HEALTH AND SAFETY-HAZARDOUS SUBSTANCES-ASBESTOS
650 ## - SUBJECT ADDED ENTRY--TOPICAL TERM
Topical term or geographic name entry element PROFESSIONAL INDEMNITY INSURANCE
650 ## - SUBJECT ADDED ENTRY--TOPICAL TERM
Topical term or geographic name entry element RICS
650 ## - SUBJECT ADDED ENTRY--TOPICAL TERM
Topical term or geographic name entry element HSE
650 ## - SUBJECT ADDED ENTRY--TOPICAL TERM
Topical term or geographic name entry element CONTROL OF ASBESTOS AT WORK REGULATIONS 2002
650 ## - SUBJECT ADDED ENTRY--TOPICAL TERM
Topical term or geographic name entry element CIVIL LIABILITY
650 ## - SUBJECT ADDED ENTRY--TOPICAL TERM
Topical term or geographic name entry element CLAIMS
690 ## - LOCAL SUBJECT ADDED ENTRY--TOPICAL TERM (OCLC, RLIN)
Topical term or geographic name as entry element Insurance
9 (RLIN) 6249
942 ## - ADDED ENTRY ELEMENTS (KOHA)
Suppress in OPAC 0
Holdings
Withdrawn status Lost status Source of classification or shelving scheme Damaged status Not for loan Home library Current library Shelving location Date acquired Total Checkouts Full call number Barcode Date last seen Copy number Price effective from Koha item type
    Dewey Decimal Classification     London London News article 04/09/2003   X123493 123493-1001 06/08/2019 1 06/08/2019 News article